| 000 | 00742nam a2200193 i 4500 | ||
|---|---|---|---|
| 001 | 85570 | ||
| 003 | ES-MaACL | ||
| 007 | t| | ||
| 008 | 041129s1923 sp ||||1| spa d | ||
| 100 | 1 |
_aJuergens, Georg. _967196 |
|
| 245 | 1 | 0 |
_aTratado práctico de las enfermedades infecciosas _b: su moderna interpretación / _cpor Georg Jürgens ; traducido directamente del alemán por Antonio Ferratges Tarrida. |
| 260 |
_aBarcelona : _bLabor, _c1923. |
||
| 300 |
_aX, 374 p. : _bil. ; _c24 cm. |
||
| 490 | 1 |
_aLas especialidades en la medicina práctica ; _v2 |
|
| 700 | 1 |
_aFerratges Tarrida, Antonio. _950340 |
|
| 830 | 0 | 4 |
_aLas especialidades en la medicina práctica _v2 _9182799 |
| 852 |
_aES-MaACL _jC-6699 |
||
| 999 |
_c85570 _d85570 |
||